Bibliotecas de Bogotá - Estadísticas

Estadísticas generales
  • Esta prueba ha sido intentada 7 veces
    3 desde el último reinicio
  • La puntuación promedio es 15 de 30
Estadísticas de respuestas
Biblioteca % Correcto
Gabriel García Márquez El Tunal
100%
Virgilio Barco
100%
Arborizadora Alta
50%
Biblioteca Nacional de Colombia
50%
Bosa
50%
Cárcel Distrital
50%
Carlos Restrepo
50%
CEFE Fontanar del Río
50%
Del Deporte y La Actividad Física
50%
El Mirador
50%
El Parque
50%
Escolar La Marichuela
50%
Escolar Pasquilla
50%
Escolar Sumapaz
50%
Francisco José de Caldas Suba
50%
FUGA Especializada en historia política de Colombia
50%
Julio Mario Santo Domingo
50%
Lago Timiza
50%
La Peña
50%
Las Ferias
50%
La Victoria
50%
Luis Ángel Arango
50%
Manuel Zapata Olivella El Tintal
50%
Perdomo Soledad Lamprea
50%
Puente Aranda Néstor Forero Alcalá
50%
Rafael Uribe Uribe La Colina
50%
Usaquén Servitá
50%
Venecia Pablo de Tarso
50%
De La Participación Ciudadana
0%
La Giralda
0%
No se encontraron pruebas coincidentes
Distribución de puntuación
Porcentaje de gente con cada puntuación
Porcentaje por número respondido
Historial de tus puntuaciones
No has intentado esta prueba desde el último reinicio